000 00665nam a22002177a 4500
003 OSt
005 20190422063847.0
008 180305b xxu||||| |||| 00| 0 spa d
020 _a9502005139
040 _cPJ
100 _93984
_aValente, Carmelo Gerardo
245 1 0 _aTratado de socio-economía urbanística /
_cCarmelo Gerardo Valente.
260 _aBuenos Aires :
_bAbeledo-Perrot,
_c1989.
300 _a317 p.
_c24 cm.
500 _aNotas a pie de página.
504 _aBibliografía: p 313-314.
650 0 _9292
_aECONOMIA Y FINANZAS
650 0 _9247
_aSOCIOLOGIA
650 0 _93222
_aPLANEAMIENTO URBANO
942 _2udc
_cLIB
_h330:316
_iVAL
999 _c2617
_d2617